Statistics for Lego Batman: The Video Game (2008) Playable Characters

Click here to take the quiz!

General Stats

  • This quiz has been taken 806 times
    (157 since last reset)
  • The average score is 41 of 62

Answer Stats

Answer% Correct
StoryHero Ch. 1 - 1, 2, 4, 5
Hero Ch. 2 - 1, 3, 4, 5
Hero Ch. 3 - 1, 2, 4, 5
Batman
100%
StoryHero Ch. 1 - 1
Hero Ch. 2 - 1, 3, 4
Hero Ch. 3 - 2, 4, 5
Batman (Demolition Suit)
100%
StoryHero Ch. 1 - 2, 5
Hero Ch. 2 - 1, 3, 4, 5
Hero Ch. 3 - 1, 5
Batman (Glide Suit)
100%
StoryHero Ch. 1 - 4Batman (Heat Protection Suit)
100%
StoryHero Ch. 1 - 4
Hero Ch. 2 - 4
Hero Ch. 3 - 2
Batman (Sonic Suit)
100%
StoryHero Ch. 1 - 1, 2, 4, 5
Hero Ch. 2 - 1, 3, 4, 5
Hero Ch. 3 - 1, 2, 4, 5
Robin
100%
StoryHero Ch. 1 - 4, 5
Hero Ch. 3 - 1, 2
Robin (Attract Suit)
100%
StoryHero Ch. 2 - 3, 5Robin (Dive Suit)
100%
StoryHero Ch. 1 - 2, 5
Hero Ch. 2 - 1, 3, 4
Hero Ch. 3 - 1, 2, 4, 5
Robin (Magnet Suit)
100%
StoryHero Ch. 1 - 1
Hero Ch. 2 - 1, 4
Hero Ch. 3 - 4
Robin (Tech Suit)
100%
Story(After Hero Ch. 3 - 5)
Villain Ch. 3 - 1, 3, 4, 5
The Joker
98%
StudsAfter Hero Ch. 3 - 5The Joker (Tropical)
98%
Story(After Hero Ch. 2 - 5)
Villain Ch. 2 - 1, 2, 4, 5
The Penguin
94%
Story(After Hero Ch. 3 - 5)
Villain Ch. 3 - 1, 5
Harley Quinn
91%
Story(After Hero Ch. 1 - 5)
Villain Ch. 1 - 1, 2, 3, 4, 5
The Riddler
91%
StudsAlways availableAlfred
90%
Story(After Hero Ch. 1 - 5)
Villain Ch. 1 - 3
Poison Ivy
90%
Story(After Hero Ch. 1 - 5)
Villain Ch. 1 - 4, 5
Two-Face
90%
Story(After Hero Ch. 1 - 5)
Villain Ch. 1 - 2
Mr. Freeze
89%
StudsAlways availableBatgirl
88%
StudsAlways availableBatgirl (Demolition Suit)
88%
StudsAlways availableBatgirl (Glide Suit)
88%
StudsAlways availableBatgirl (Heat Protection Suit)
88%
StudsAlways availableBatgirl (Sonic Suit)
88%
Story(After Hero Ch. 2 - 5)
Villain Ch. 2 - 2, 5
Catwoman
83%
StudsAfter Hero Ch. 2 - 1Catwoman (Classic)
83%
Story(After Hero Ch. 1 - 5)
Villain Ch. 1 - 1
Clayface
83%
Story(After Hero Ch. 2 - 5)
Villain Ch. 2 - 4
Killer Croc
80%
Story(After Hero Ch. 2 - 5)
Villain Ch. 2 - 1
Bane
79%
StudsAlways availableNightwing
78%
StudsAlways availableNightwing (Attract Suit)
78%
StudsAlways availableNightwing (Dive Suit)
78%
StudsAlways availableNightwing (Magnet Suit)
78%
StudsAlways availableNightwing (Tech Suit)
78%
Story(After Hero Ch. 3 - 5)
Villain Ch. 3 - 3
The Scarecrow
70%
StudsAfter Hero Ch. 2 - 4Man-Bat
69%
Story(After Hero Ch. 3 - 5)
Villain Ch. 3 - 4
Killer Moth
65%
Studs100% completionRa's Al Ghul
61%
StudsAfter Hero Ch. 1 - 1Commissioner Gordon
58%
StudsAfter Hero Ch. 3 - 1Mad Hatter
56%
StudsAfter Hero Ch. 3 - 1Joker Goon
49%
StudsAfter Hero Ch. 2 - 1Penguin Goon
48%
StudsAfter Hero Ch. 1 - 5Riddler Goon
46%
StudsSave all civiliansHush
45%
StudsAfter Hero Ch. 1 - 4Poison Ivy Goon
42%
StudsAfter Hero Ch. 3 - 3Clown Goon
39%
StudsAfter Hero Ch. 1 - 1Police Officer
38%
StudsAfter Hero Ch. 1 - 1S.W.A.T.
38%
StudsAlways availableBruce Wayne
37%
StudsAfter Hero Ch. 1 - 1Military Policeman
37%
StudsAfter Hero Ch. 1 - 1Police Marksman
37%
StudsAfter Hero Ch. 3 - 1Joker Henchman
33%
StudsAfter Hero Ch. 1 - 5Riddler Henchman
33%
StudsAfter Hero Ch. 2 - 1Penguin Henchman
32%
StudsAfter Hero Ch. 1 - 4Yeti
24%
StudsAfter Hero Ch. 1 - 1Fishmonger
14%
StudsAfter Hero Ch. 1 - 1Security Guard
12%
StudsAfter Hero Ch. 1 - 2Freeze Girl
11%
StudsAfter Hero Ch. 2 - 1Penguin Minion
10%
StudsAfter Hero Ch. 1 - 1Sailor
10%
StudsAfter Hero Ch. 1 - 4Zoo Sweeper
9%
StudsAfter Hero Ch. 1 - 1Scientist
7%

Score Distribution

Percentile by Number Answered

Percent of People with Each Score

Your Score History

You have not taken this quiz since the last reset